Stray Kids Albums by the B-side - Statistics

General Stats
  • This quiz has been taken 845 times
  • The average score is 9 of 16
Answer Stats
Hint Answer % Correct
~Venom~ Oddinary
95%
~Domino~ No Easy
88%
~Comflex~ Rockstar
86%
~FNF~ 5-star
81%
~Give Me Your TMI~ Maxident
79%
~Drive~ Skz-Replay
74%
~Slump~ Top
51%
~Fam~ All In
49%
~Pacemaker~ Go
45%
~Entrance~ Cle 1 : MIROH
44%
~Mixtape #3~ Cle 2 : Yellow Wood
43%
~Question~ I Am WHO
43%
~Booster~ Cle : Levanter
38%
~3rd Eye~ I Am NOT
36%
~0325~ I Am YOU
28%
~Get Cool~ Skz2020
11%
No matching quizzes found
Score Distribution
Percent of People with Each Score
Percentile by Number Answered
Your Score History
You have not taken this quiz